| 000 | 00931nam a2200277 i 4500 | ||
|---|---|---|---|
| 001 | 66762 | ||
| 003 | ES-MaACL | ||
| 005 | 20230906165824.0 | ||
| 007 | t| | ||
| 008 | 020726s2002 sp ||||0|bspa d | ||
| 020 | _a84-932439-2-2 | ||
| 080 | _a929 Ignacio de Loyola, Santo | ||
| 080 | _a821.134.2 Cervantes Saavedra, Miguel de 1.07 | ||
| 080 | _a271.5(0:82) | ||
| 100 | 1 |
_aOrtés, Federico. _987518 |
|
| 245 | 1 | 3 |
_aEl triunfo de Don Quijote _b: Cervantes y la Compañía de Jesús: un mensaje cifrado / _cFederico Ortés. |
| 250 | _a1ª ed. | ||
| 260 |
_aBrenes (Sevilla) : _bMuñoz Moya, _c2002. |
||
| 300 |
_a689 p. ; _c24 cm. |
||
| 500 | _aÍndice. | ||
| 600 | 0 | 4 |
_aIgnacio de Loyola _c, Santo. _965147 |
| 600 | 1 | 4 |
_aCervantes Saavedra, Miguel de, _d1547-1616- _xCrítica e interpretación _937602 |
| 610 | 2 | 7 |
_aJesuitas- _xEn la literatura. _9155052 |
| 852 |
_aES-MaACL _jL-27252 |
||
| 999 |
_c66762 _d66762 |
||